Todos los equipos españoles de la historia en primera o segunda - Estadísticas

Estadísticas generales
  • Esta prueba ha sido intentada 267 veces
  • La puntuación promedio es 68 de 103
Estadísticas de respuestas
Imagen Respuesta % Correcto
Deportivo Alavés
99%
Albacete Balompié
98%
UD Almería
97%
Real Madrid CF
95%
FC Barcelona
94%
Real Betis Balompié
94%
Club Atlético de Madrid
93%
AD Alcorcón
92%
Athletic Club de Bilbao
92%
Cádiz CF
92%
Elche CF
92%
Getafe CF
92%
Granada CF
92%
Málaga CF
92%
Real Club Celta de Vigo
92%
Real Club Deportivo de la Coruña
92%
Real Club Deportivo Mallorca
92%
Real Zaragoza
92%
Sevilla FC
92%
Valencia CF
92%
Club Atlético Osasuna
91%
Levante UD
91%
Real Club Deportivo Espanyol de Barcelona
91%
Real Valladolid CF
91%
UD Las palmas
91%
CD Tenerife
90%
FC Andorra
90%
Girona FC
90%
Rayo Vallecano de Madrid
90%
Real Oviedo
90%
Real Sociedad de Fútbol
90%
SD Eibar
90%
SD Huesca
90%
CD Leganés
89%
Hércules de Alicante CF
88%
Real Sporting de Gijón
88%
Villarreal CF
88%
Burgos CF
87%
Córdoba CF
87%
UD Ibiza
87%
CD Alcoyano
86%
CD Lugo
86%
CD Mirandés
85%
Real Racing Club de Santander
85%
CD Numancia de Soria
84%
FC Cartagena
84%
Cultural y Deportiva Leonesa
83%
Real Murcia CF
83%
SD Amorebieta
83%
CD Castellón
82%
SD Ponferradina
82%
Racing Club de Ferrol
81%
CD Eldense
80%
Club Gimnàstic de Tarragona
80%
Real Club Recreativo de Huelva
80%
CF Rayo Majadahonda
76%
Centre d'Esports Sabadell FC
75%
CF Fuenlabrada
75%
AD Ceuta FC
72%
Xerez CD
72%
Club Esportiu Europa
71%
UCAM Murcia CF
71%
UD Logroñés
71%
Real Unión Club de Irún
70%
Pontevedra CF
69%
Real Jaén CF
69%
Barakaldo CF
62%
CF Badalona
62%
UD Melilla
61%
CD Guadalajara
60%
Algeciras CF
59%
Arenas Club de Getxo
57%
CD Toledo
56%
CD Atlético Baleares
52%
Unió Esportiva Sant Andreu
52%
Club Polideportivo Cacereño
51%
Real Avilés Industrial CF
41%
Terrassa CF
39%
UD Alzira
33%
Unión Popular de Langreo
33%
CF Badalona Futur
31%
Real Balompédica Linense
31%
Unió Esportiva Figueres
31%
Écija Balompié
27%
CD Basconia
24%
Real Burgos CF
24%
Arosa Sociedad Cultural
23%
Caudal Deportivo de Mieres
23%
CD Colonia Moscardó
23%
Real Sociedad Gimnástica de Torrelavega
23%
Centre d'Esports L'Hospitalet
22%
Palamós CF
21%
Club Polideportivo Villarrobledo
20%
Esport Club Granollers
19%
Club Esportiu Júpiter
17%
Puente Genil CF
15%
CF Joventut Mollerussa
14%
SD Indautxu
13%
Club Esportiu Constància
11%
Jerez Industrial CF
10%
Burjassot CF
9%
AD Ferroviaria
8%
SD Erandio Club
8%
No se encontraron pruebas coincidentes
Distribución de puntuación
Porcentaje de gente con cada puntuación
Porcentaje por número respondido
Historial de tus puntuaciones
No has intentado esta prueba.